000 00370nam a22001697a 4500
003 UA-OsUOA
001 1398
007 ta
008 20050721b un ||||| |||| 00| 0 ukr d
100 _aDeshusses
700 _aP.
942 _cBK
040 _aUA-OsUOA
_cUA-OsUOA
_dUA-OsUOA
245 _aDix Siecles de Litterature Francaise.1
_bFrench
955 _a2
650 7 _2UDC
999 _c287560
_d287560